Catálogo
 En Linea

Catálogo de las colecciones zoológicas de Asia del museo nacional de ciencias naturales. / (Registro nro. 5227)

Detalles MARC
000 -CABECERA
campo de control de longitud fija 01194nam a2200301 a 4500
001 - NÚMERO DE CONTROL
campo de control 000005427
005 - FECHA Y HORA DE LA ÚLTIMA TRANSACCIÓN
campo de control 20200929151657.0
008 - DATOS DE LONGITUD FIJA--INFORMACIÓN GENERAL
campo de control de longitud fija 090819s2000 es a 001 0 spa d
020 ## - NÚMERO INTERNACIONAL ESTÁNDAR DEL LIBRO
Número Internacional Estándar del Libro 8400079817
040 ## - FUENTE DE LA CATALOGACIÓN
Centro catalogador/agencia de origen DO-SdBNP
082 ## - NÚMERO DE LA CLASIFICACIÓN DECIMAL DEWEY
Número de clasificación 590.95074
Número de documento/Ítem S237c
049 ## - FONDOS LOCALES (OCLC)
Fondos de biblioteca BNPD
110 1# - ENTRADA PRINCIPAL--NOMBRE DE ENTIDAD CORPORATIVA
Nombre de entidad corporativa o nombre de jurisdicción como elemento de entrada Museo Nacional de Ciencias Naturales (España).
9 (RLIN) 15409
245 10 - MENCIÓN DE TÍTULO
Título Catálogo de las colecciones zoológicas de Asia del museo nacional de ciencias naturales. /
Mención de responsabilidad, etc. Celia M. Santos Mazorra ; prólogo Jorge Morales.
260 ## - PUBLICACIÓN, DISTRIBUCIÓN, ETC.
Lugar de publicación, distribución, etc. Madrid, :
Nombre del editor, distribuidor, etc. Museo Nacionales de Ciencias Naturales
-- Consejo superior de investigaciones científicas,
Fecha de publicación, distribución, etc. 2000.
300 ## - DESCRIPCIÓN FÍSICA
Extensión v. :
Otras características físicas il ;
Dimensiones 24 cm.
490 0# - MENCIÓN DE SERIE
Mención de serie Manuales técnicos de Museología
Designación de volumen o secuencia 8
500 ## - NOTA GENERAL
Nota general Incluye tabla de contenido
504 ## - NOTA DE BIBLIOGRAFÍA, ETC.
Nota de bibliografía, etc. Incluye referencias bibliografícas.
500 ## - NOTA GENERAL
Nota general Incluye índice
505 0# - NOTA DE CONTENIDO CON FORMATO
Nota de contenido con formato Insentos
500 ## - NOTA GENERAL
Nota general La biblioteca posee el volumen I
610 14 - PUNTO DE ACCESO ADICIONAL DE MATERIA--NOMBRE DE ENTIDAD CORPORATIVA
Nombre de entidad corporativa o nombre de jurisdicción como elemento de entrada MUSEO NACIONAL DE CIENCIAS NATURALES (ESPAÑA)
Subdivisión de forma CATÁLOGOS
9 (RLIN) 15410
650 #4 - PUNTO DE ACCESO ADICIONAL DE MATERIA--TÉRMINO DE MATERIA
Término de materia o nombre geográfico como elemento de entrada Zoología
Subdivisión de forma CATÁLOGO
Subdivisión geográfica Asia
9 (RLIN) 15411
700 1# - PUNTO DE ACCESO ADICIONAL--NOMBRE DE PERSONA
Nombre de persona Morales, Jorge
Término indicativo de función/relación pról.
9 (RLIN) 15412
700 1# - PUNTO DE ACCESO ADICIONAL--NOMBRE DE PERSONA
Nombre de persona Santos Mazorra, Celia M.
9 (RLIN) 15413
830 #0 - PUNTO DE ACCESO ADICIONAL DE SERIE-TÍTULO UNIFORME
Título uniforme Manuales técnicos de museología
Designación de volumen o secuencia 8
9 (RLIN) 15414
Existencias
Estado de retiro Estado de pérdida Restricciones de uso No para préstamo Código de colección Localización permanente Ubicación/localización actual Ubicación en estantería Fecha de adquisición Número de inventario Total de préstamos Signatura topográfica completa Código de barras Fecha visto por última vez Precio válido a partir de Tipo de ítem Koha
        Monografías: Libros y Folletos General General En catalogación 19.08.2009 LF1   590.95074 S237c 5427-10 25.06.2020 25.06.2020 Préstamo en sala

Con tecnología Koha